A village Ophelia /

Bibliographic Details
Corporate Author: Aldrich, Anne Reeve
Format: Microform Book
Language:English
Published: New York : G.W. Dillingham, 1899.

MARC

Tag First Indicator Second Indicator Subfields
LEADER 00000cam a2200000 a 4500
001 in00000745683
005 20151016091634.0
007 hd afa014baca
008 830423s1899 ctu a 00011 eng d
035 |a (OCoLC)09443045 
035 |9 ADH4623AM 
040 |a GUA  |c LWS  |d UtOrBLW 
049 |a TXAI 
090 |a PS15 
099 |a film  |a B  |a 1551 
110 0 |a Aldrich, Anne Reeve,  |d (1866-1892) 
245 1 2 |a A village Ophelia /  |c by Anne Reeves Aldrich. 
264 1 |a New York :  |b G.W. Dillingham,  |c 1899. 
300 |a 188 pages ;  |c 20 cm. 
336 |a text  |b txt  |2 rdacontent 
337 |a microform  |b h  |2 rdamedia 
338 |a microfilm reel  |b hd  |2 rdacarrier 
505 0 |a A village Ophelia -- A story of the Vere de Vere -- A lamentable comedy -- An African discovery -- An evening with Callender. 
533 |a Microfilm.  |b Woodbridge, Conn. :  |c Research Publications,  |d 1970-1978.  |e 1 microfilm reel ; 35 mm.  |f (Wright American fiction ; v.3 (1876-1900), reel A-6, no. 47) 
500 |a Microform. 
999 |a MARS 
999 f f |s 4e554ed9-b51f-364a-ad8b-90c6a4e94617  |i 369817ad-3f3f-3b7e-b627-1f87aa7ccdf6  |t 0 
952 f f |p default  |a Texas A&M University  |b College Station  |c Sterling C. Evans Library  |d Evans: Microforms (3rd floor)  |t 0  |e film B 1551 v. 3 reel A-6 no. 47  |h Other scheme  |i microform -- microfilm reel 
998 f f |a film B 1551 v. 3 reel A-6 no. 47  |t 0  |l Evans: Microforms (3rd floor)